[Event "Athens Smaok Winter"]
[Site "Athens"]
[Date "2008.11.25"]
[Round "2.12"]
[White "Triantafyllidis, Ioannis"]
[Black "Kodeas, Ioannis"]
[Result "0-1"]
[WhiteElo "1500"]
[BlackElo "1450"]
[PlyCount "82"]
[EventDate "2008.11.21"]
[EventType "swiss (rapid)"]
[EventRounds "7"]
[EventCountry "GRE"]
[SourceTitle "EXT 2024"]
[Source "ChessBase"]
[SourceDate "2023.10.10"]
[SourceVersion "1"]
[SourceVersionDate "2023.10.10"]
[SourceQuality "1"]

1. d4 d5 2. c4 c6 3. Nc3 Nf6 4. Nf3 dxc4 5. e4 Bg4 6. Bxc4 e6 7. Be3 Nbd7 8. Rc1 Nb6 9. Be2 Be7 10. 0-0 0-0 11. h3 Bh5 12. Na4 Nxe4 13. Bd3 Nf6 14. g4 Bg6 15. Ne5 Bxd3 16. Qxd3 Nxa4 17. g5 Nd5 18. f4 Nxe3 19. Qxe3 Nb6 20. Rc2 Nd5 21. Qg3 Rc8 22. h4 c5 23. f5 exf5 24. Rxf5 Bd6 25. Qf3 Bxe5 26. dxe5 Ne7 27. Rf4 Ng6 28. Re4 Qd5 29. Rce2 Nxh4 30. Qh3 Ng6 31. Rh2 Qd1+ 32. Kf2 Qd2+ 33. Kf1 Qc1+ 34. Kf2 h6 35. gxh6 Qxh6 36. Qg3 Qd2+ 37. Kf1 Qc1+ 38. Kf2 Rfd8 39. Qh3 Rd2+ 40. Re2 Rxe2+ 41. Kxe2 Nf4+ 0-1